| 000 | 00588nam#a22002175a#4500 | ||
|---|---|---|---|
| 001 | 3220 | ||
| 245 | 1 | 0 |
_aHistoria Argentina (1806-2018) : _bUna Mirada Crítica / _cTeresa Eggers-Brass. |
| 250 | _a4ª ed. | ||
| 260 |
_aItuzaingó : _bMaipué, _c2018. |
||
| 300 |
_a816 p. : _bil. ; _c22 cm. |
||
| 521 | _aEnseñanza media | ||
| 020 | _a9789874490117 | ||
| 100 | 1 |
_aEggers-Brass, Teresa, _eautor. _4aut |
|
| 080 | _a94(82) | ||
| 084 | _aE32 | ||
| 040 |
_aAR-ClEAG _cAR-ClEAG |
||
| 008 | 241001s2018####ag#a###d#f####001#0#spa#d | ||
| 005 | 20241107184817.0 | ||
| 003 | AR-ClEAG | ||
| 942 | _cBK | ||
| 999 |
_c3220 _d3220 |
||
| 980 |
_62 _aEvangelina Gallicchio _82 _gEvangelina Gallicchio |
||